| 000 | 00366nam a2200145Ia 4500 | ||
|---|---|---|---|
| 008 | 150201s2010 xx 000 0 und d | ||
| 082 |
_a616.07 _bP10K |
||
| 100 | _aKUMAR, VINAY | ||
| 245 | _aROBBINS AND COTRAN PATHOLOSIC BASIS OF DISEASE | ||
| 250 | _a8TH | ||
| 260 |
_bELSEVIER _aNEW DELHI _c2010 |
||
| 300 | _a1-1450 | ||
| 650 | _aPATHOLOGY | ||
| 942 |
_2ddc _cBK _032 |
||
| 999 |
_c1233 _d1233 |
||